[Event "Graz"]
[Site "Graz"]
[Date "1991.??.??"]
[Round "12"]
[White "Chiburdanidze, Maia"]
[Black "Brunner, Lucas"]
[Result "1/2-1/2"]
[WhiteElo "2485"]
[BlackElo "2460"]

1.e4 c5 2.Nf3 d6 3.d4 cxd4 4.Nxd4 Nf6 5.Nc3 a6 6.Bg5 e6 7.f4 Qc7 8.Qf3 Nbd7
9.O-O-O b5 10.e5 Bb7 11.Qh3 dxe5 12.Nxe6 fxe6 13.Qxe6+ Be7 14.Bxf6 gxf6 15.Be2 h5
16.Nd5 Bxd5 17.Rxd5 Nb6 18.Bxh5+ Rxh5 19.Qg8+ Bf8 20.Qe6+ Be7 21.Qg8+ Bf8
22.Qe6+  1/2-1/2

[Event "Graz"]
[Site "Graz"]
[Date "1991.??.??"]
[Round "13"]
[White "Wittmann, Walter"]
[Black "Chiburdanidze, Maia"]
[Result "1/2-1/2"]
[WhiteElo "2390"]
[BlackElo "2485"]

1.e4 e5 2.Nf3 Nc6 3.Bb5 a6 4.Bxc6 dxc6 5.O-O Bd6 6.c3 c5 7.d4 cxd4 8.cxd4 exd4
9.Qa4+ Bd7 10.Qxd4 f6 11.Re1 Be6 12.e5 Bxe5 13.Qe3 Qd6 14.Nc3 Ne7 15.Ne4 Qd5
16.Nxe5 fxe5 17.Nc3  1/2-1/2

[Event "Tbilisi"]
[Site "Tbilisi"]
[Date "1991.??.??"]
[Round "?"]
[White "Janjgava, Lasha"]
[Black "Chiburdanidze, Maia"]
[Result "1-0"]
[WhiteElo "2495"]
[BlackElo "2485"]

1.d4 Nf6 2.c4 g6 3.Nc3 Bg7 4.e4 O-O 5.Nf3 d6 6.Be2 e5 7.Be3 Nbd7 8.O-O c6
9.d5 c5 10.Ne1 Kh8 11.Nd3 Ng8 12.Qd2 Ne7 13.f4 f6 14.fxe5 fxe5 15.Rxf8+ Nxf8
16.Bg5 Qd7 17.h3 a6 18.a4 Ng8 19.a5 Qc7 20.Na4 Bd7 21.Nb6 Re8 22.b4 cxb4
23.Qxb4 Bh6 24.Bxh6 Nxh6 25.Rb1  1-0

[Event "Tbilisi"]
[Site "Tbilisi"]
[Date "1991.??.??"]
[Round "?"]
[White "Ioseliani, Nana"]
[Black "Chiburdanidze, Maia"]
[Result "1/2-1/2"]
[WhiteElo "2470"]
[BlackElo "2485"]

1.c4 Nf6 2.g3 g6 3.Bg2 Bg7 4.Nc3 O-O 5.e3 c6 6.d4 d6 7.Nge2 e5 8.O-O Re8
9.b3 Na6 10.d5 cxd5 11.Nxd5 Nxd5 12.Qxd5 e4 13.Ba3 Nc7 14.Qd2 Bxa1 15.Rxa1 d5
16.Rd1 Bg4 17.h3 Bf3 18.Qc2 Rc8 19.Bxf3 exf3 20.Nf4 Qd7 21.Bb2 f6 22.Qd3 g5
23.Nxd5 Nxd5 24.g4 Nb6 25.Qxd7 Nxd7 26.Rxd7 Rcd8 27.Rxb7 Rd1+ 28.Kh2 Rxe3
29.Bxf6 h6 30.h4 Rde1 31.Kg3 gxh4+ 32.Bxh4 Rd3 33.Bf6 Rg1+ 34.Kf4 Rg2 35.Kf5 Rd2
36.g5 Rdxf2 37.g6 Rxg6 38.Rb8+ Kf7 39.Rb7+ Kg8 40.Rb8+ Kf7 41.Rb7+ Kg8  1/2-1/2

[Event "Tbilisi"]
[Site "Tbilisi"]
[Date "1991.??.??"]
[Round "?"]
[White "Gurgenidze, Bukhuti"]
[Black "Chiburdanidze, Maia"]
[Result "0-1"]
[WhiteElo "2370"]
[BlackElo "2485"]

1.d4 Nf6 2.Nf3 g6 3.Nc3 Bg7 4.e4 d6 5.Be2 O-O 6.O-O c6 7.a4 Qc7 8.Be3 e5
9.Nd2 Ng4 10.Bxg4 Bxg4 11.Qxg4 exd4 12.Bxd4 Bxd4 13.Ra3 Nd7 14.Nd1 Rae8 15.Rh3 h5
16.Qg3 Nf6 17.Qd3 Bb6 18.Ne3 Re6 19.Nf5 Rfe8 20.Rg3 d5 21.exd5 Nxd5 22.Kh1 Nf4
23.Qc3 Re5 24.Nh6+ Kh7 25.Qf3  0-1

[Event "Tbilisi"]
[Site "Tbilisi"]
[Date "1991.??.??"]
[Round "?"]
[White "Giorgadze, Giorgi"]
[Black "Chiburdanidze, Maia"]
[Result "1/2-1/2"]
[WhiteElo "2495"]
[BlackElo "2485"]

1.d4 Nf6 2.Nf3 g6 3.c4 Bg7 4.Nc3 d5 5.Qb3 dxc4 6.Qxc4 O-O 7.e4 a6 8.e5 b5
9.Qb3 Nfd7 10.Be3 Nb6 11.a4 Be6 12.Qd1 bxa4 13.Nxa4 Nxa4 14.Qxa4 Nd7 15.Be2 Nb6
16.Qc2 a5 17.O-O a4 18.Rfc1 Ra7 19.Qc5 Rb7 20.Ba6 Rb8 21.Bd2 Bd5 22.Be2 Bxf3
23.Bxf3 Nd7 24.Qc2  1/2-1/2

[Event "Tbilisi"]
[Site "Tbilisi"]
[Date "1991.??.??"]
[Round "?"]
[White "Gaprindashvili, Nona"]
[Black "Chiburdanidze, Maia"]
[Result "1/2-1/2"]
[WhiteElo "2450"]
[BlackElo "2485"]

1.d4 d6 2.c4 e5 3.Nf3 e4 4.Ng5 f5 5.Nh3 c6 6.Nc3 Nf6 7.e3 Be7 8.Nf4 Na6 9.d5 O-O
10.h4 c5 11.a3 Ng4 12.g3 Bf6 13.Bd2 Ne5 14.Be2 Nc7 15.Kf1 a6 16.a4 a5 17.Kg2 Qe7
18.Qb3 Na6 19.Nb5 b6 20.Rad1 Nc7 21.Nxc7 Qxc7 22.Bc3 Bd7 23.Rd2 Rae8 24.Qc2  1/2-1/2

[Event "Tbilisi"]
[Site "Tbilisi"]
[Date "1991.??.??"]
[Round "?"]
[White "Chiburdanidze, Maia"]
[Black "Zaichik, Gennadi"]
[Result "1/2-1/2"]
[WhiteElo "2485"]
[BlackElo "2455"]

1.e4 c5 2.Nf3 d6 3.d4 cxd4 4.Nxd4 Nf6 5.Nc3 Nc6 6.Bg5 Bd7 7.Be2 Qa5 8.Bxf6 gxf6
9.O-O Nxd4 10.Qxd4 Rc8 11.Kh1 Qc5 12.Qd2 Bg7 13.Bd3 f5 14.exf5 Bxf5 15.Rae1 Bxd3
16.Qxd3 Bxc3 17.bxc3 Rc7 18.f4 Qc4 19.Qd2 Kd8 20.Rf3 f5 21.a3 Rg8 22.h3 Rg7
23.Re5 Qf7 24.Rd3 Kc8 25.Ra5 b6 26.Rad5 Rc5 27.a4 Qe6 28.a5 Rxa5 29.Rxa5 bxa5
30.c4 Qe4 31.c5 Rg6 32.cxd6 Rxd6 33.Rxd6 exd6 34.Qxa5 Qxc2 35.Qa6+ Kc7 36.Qxa7+ Kc6
37.Qa8+ Kd7 38.Kh2 Qc4 39.Qa7+ Ke6 40.Qxh7 Qxf4+ 41.Kh1 Qf1+ 42.Kh2 Qf4+
43.Kh1  1/2-1/2

[Event "Tbilisi"]
[Site "Tbilisi"]
[Date "1991.??.??"]
[Round "?"]
[White "Chiburdanidze, Maia"]
[Black "Sturua, Zurab"]
[Result "1-0"]
[WhiteElo "2485"]
[BlackElo "2505"]

1.e4 c6 2.d4 d5 3.Nd2 dxe4 4.Nxe4 Bf5 5.Ng3 Bg6 6.h4 h6 7.Nf3 Nd7 8.h5 Bh7
9.Bd3 Bxd3 10.Qxd3 Qc7 11.Bd2 e6 12.O-O-O O-O-O 13.Qe2 Ngf6 14.Ne5 Nb6 15.c4 c5
16.Kb1 Bd6 17.Ba5 Qe7 18.dxc5 Bxc5 19.Nd3 Rd7 20.Rc1 Kb8 21.Ne4 Nxe4 22.Qxe4 Rc8
23.Bc3 Ka8 24.Nxc5 Qxc5 25.Bxg7 f5 26.Qe5 Qc6 27.b3 Qxg2 28.Bxh6 Rh7 29.Be3 Qc6
30.Qd4 Qe8 31.h6 e5 32.Qd3 Qe6 33.Rh5 Rf8 34.Rg1 Rhh8 35.Rg7 f4 36.Qe4 Nd7
37.Bd4 Rd8 38.Rxe5 Qxh6 39.Rxd7  1-0

[Event "Tbilisi"]
[Site "Tbilisi"]
[Date "1991.??.??"]
[Round "?"]
[White "Chiburdanidze, Maia"]
[Black "Efimov, Igor"]
[Result "1/2-1/2"]
[WhiteElo "2485"]
[BlackElo "2470"]

1.e4 e6 2.d4 d5 3.Nd2 Be7 4.c3 dxe4 5.Nxe4 Nf6 6.Bd3 Nbd7 7.Ne2 O-O 8.Qc2 b6
9.Nxf6+ Nxf6 10.g4 g6 11.Rg1 c5 12.h4 cxd4 13.Nxd4 Bb7 14.Bh6 Re8 15.O-O-O Nd5
16.Kb1 Bf6 17.Bb5 Re7 18.Nc6 Bxc6 19.Bxc6 Rc8 20.Bxd5 exd5 21.Be3 Rc4 22.Qe2 b5
23.Qf3 Rd7 24.g5 Bg7 25.Rg4  1/2-1/2

[Event "Tbilisi"]
[Site "Tbilisi"]
[Date "1991.??.??"]
[Round "?"]
[White "Chiburdanidze, Maia"]
[Black "Arakhamia, Ketevan"]
[Result "1-0"]
[WhiteElo "2485"]
[BlackElo "2440"]

1.e4 c5 2.Nf3 Nc6 3.d4 cxd4 4.Nxd4 e5 5.Nb5 d6 6.c4 Be7 7.N1c3 a6 8.Na3 Be6
9.Bd3 Rc8 10.O-O Bg5 11.Nc2 Bxc1 12.Rxc1 Na5 13.b3 b5 14.Ne3 bxc4 15.Bxc4 Nxc4
16.bxc4 a5 17.Nb5 Ke7 18.Qf3 Qb6 19.Rfd1 Rc6 20.Rb1 Qc5 21.Nc3 Nf6 22.Rb5 Qa7
23.Ncd5+ Bxd5 24.cxd5 Rb6 25.Nf5+ Kf8 26.Qe3 Ra6 27.Qxa7 Rxa7 28.Rb8+ Ne8
29.Nxd6  1-0

[Event "Women-Veterans"]
[Site "Aruba"]
[Date "1992.??.??"]
[Round "1"]
[White "Chiburdanidze, Maia"]
[Black "Geller, Efim P"]
[Result "1/2-1/2"]
[WhiteElo "2505"]
[BlackElo "2525"]

1.d4 d5 2.c4 e6 3.Nc3 Be7 4.Nf3 Nf6 5.Bf4 O-O 6.e3 c5 7.dxc5 Bxc5 8.cxd5 Nxd5
9.Nxd5 exd5 10.a3 Nc6 11.Bd3 Bb6 12.O-O Bg4 13.h3 Bh5 14.b4 Re8 15.g4 Bg6
16.Bxg6 hxg6 17.b5 Na5 18.Qd3 Nc4 19.Qb3 Qf6 20.Rad1 Rad8 21.Kg2 Qe7 22.Rd3 Qe4
23.Kg3 Nb2 24.Rd2 Nc4 25.Rd3 Nb2 26.Rd2 Nc4  1/2-1/2

[Event "Women-Veterans"]
[Site "Aruba"]
[Date "1992.??.??"]
[Round "3"]
[White "Chiburdanidze, Maia"]
[Black "Polugaevsky, Lev"]
[Result "1/2-1/2"]
[WhiteElo "2505"]
[BlackElo "2640"]

1.c4 c5 2.Nf3 Nc6 3.b3 e5 4.d3 g6 5.Bb2 Bg7 6.g3 Nge7 7.Bg2 d5 8.cxd5 Nxd5
9.Nfd2 O-O 10.O-O Bg4 11.Nc4 Nd4 12.Re1 Nb4 13.Ne3 Bc8 14.Nc3 Rb8 15.a3 Nbc6
16.Ned5 Be6 17.b4 cxb4 18.axb4 a6 19.Ba3 Re8 20.Rb1 Na7 21.Bc1 Nab5 22.e3 Nxc3
23.Nxc3 Nc6 24.b5 axb5 25.Nxb5 Re7 26.Qe2 Rd7 27.Ba3 Rxd3 28.Rec1 Ra8 29.Bc5 Rd7
30.Nc3 Bf5 31.Bb6 Qe8 32.e4 Nd4 33.Qb2 Be6 34.Nd5 Bxd5 35.exd5 Nf5 36.Bc7 Rc8
37.Qxb7 e4 38.Qxc8 Qxc8 39.Rb8 Qxb8 40.Bxb8 Rxd5 41.Rc8+ Bf8 42.Bxe4 Rd1+
43.Kg2 Nd6 44.Rd8 Kg7 45.Bf3 Rd3 46.g4 Be7 47.Rd7 Kf8 48.Ba7 Rc3 49.Bd4 Rc8
50.Be5 Ne8 51.Bf4 Nf6 52.Bh6+ Ke8 53.Rb7 Nd7 54.Bf4 Nc5 55.Ra7 Ne6  1/2-1/2

[Event "Women-Veterans"]
[Site "Aruba"]
[Date "1992.??.??"]
[Round "4"]
[White "Uhlmann, Wolfgang"]
[Black "Chiburdanidze, Maia"]
[Result "1/2-1/2"]
[WhiteElo "2480"]
[BlackElo "2505"]

1.c4 c5 2.Nf3 Nc6 3.d4 cxd4 4.Nxd4 g6 5.e4 Bg7 6.Be3 Nf6 7.Nc3 O-O 8.Be2 d6
9.O-O Bd7 10.Qd2 Nxd4 11.Bxd4 Bc6 12.f3 a5 13.Kh1 Nd7 14.Bxg7 Kxg7 15.b3 Qb6
16.Rab1 Nc5 17.Rfe1 Rfe8 18.Bf1 e5 19.g3 Qb4 20.Qc1 Ne6 21.a3 Qb6 22.b4 Nd4
23.Bg2 axb4 24.axb4 Qa7 25.Ne2 Ba4 26.Nxd4 Qxd4 27.Bf1 b5 28.cxb5 Rab8  1/2-1/2

[Event "Women-Veterans"]
[Site "Aruba"]
[Date "1992.??.??"]
[Round "5"]
[White "Chiburdanidze, Maia"]
[Black "Panno, Oscar"]
[Result "0-1"]
[WhiteElo "2505"]
[BlackElo "2485"]

1.d4 Nf6 2.Nf3 e6 3.g3 b5 4.Bg2 Bb7 5.Bg5 c5 6.c3 Na6 7.O-O Be7 8.Qd3 Qb6
9.Nbd2 cxd4 10.Qxd4 Nc5 11.e4 d6 12.Rfe1 h6 13.Bxf6 Bxf6 14.Qe3 O-O 15.Rac1 Rac8
16.b3 Rc7 17.c4 b4 18.Re2 a5 19.Ne1 a4 20.Nd3 Qa5 21.Nxc5 Rxc5 22.bxa4 Qxa4
23.Nb3 Rc7 24.Qb6 Rfc8 25.Qxd6 Ba6 26.e5 Bg5 27.f4 Be7 28.Qb6 Rxc4 29.Rxc4 Bxc4
30.Qb7 Ba6 31.Qxe7 Bxe2 32.f5 Qxa2 33.fxe6 Qxb3  0-1

[Event "Women-Veterans"]
[Site "Aruba"]
[Date "1992.??.??"]
[Round "6"]
[White "Ivkov, Borislav"]
[Black "Chiburdanidze, Maia"]
[Result "1/2-1/2"]
[WhiteElo "2495"]
[BlackElo "2505"]

1.e4 g6 2.h4 h6 3.d4 d6 4.Be3 Bg7 5.Nc3 c6 6.a4 Nf6 7.f3 Nbd7 8.Qd2 Qa5 9.Nge2 e5
10.dxe5 dxe5 11.Nc1 Nc5 12.Nb1 Qxd2+ 13.Nxd2 Ne6 14.Nd3 Nh5 15.Bf2 Nhf4 16.Nc4 Nxd3+
17.Bxd3 h5 18.O-O Ke7 19.Rfd1 Rd8 20.Bf1 Rxd1 21.Rxd1 b6 22.Nd6 Nd4 23.Nxc8+ Rxc8
24.c3 Ne6 25.a5 Bf8 26.Bc4 Rc7 27.Kf1 Rb7 28.b3 Nc5 29.Ra1 Nd7 30.axb6 axb6
31.b4 b5 32.Bb3 Rc7 33.Ra8 Kf6 34.Ra6 Kg7  1/2-1/2

[Event "Women-Veterans"]
[Site "Aruba"]
[Date "1992.??.??"]
[Round "7"]
[White "Chiburdanidze, Maia"]
[Black "Smyslov, Vassily"]
[Result "1/2-1/2"]
[WhiteElo "2505"]
[BlackElo "2530"]

1.c4 e5 2.g3 f5 3.Bg2 Nf6 4.Nc3 Bb4 5.Qb3 c5 6.a3 Bxc3 7.Qxc3 d6 8.b4 Qe7
9.Bb2 Nbd7 10.e3 Rb8 11.bxc5 Nxc5 12.Ne2 Na4 13.Qc2 Nxb2 14.Qxb2 O-O 15.O-O b6
16.d3 Bb7 17.Bxb7 Rxb7 18.a4 Qf7 19.Kg2 g5 20.Kh1 e4 21.Qd4 Rc7 22.a5 Ng4
23.h3 Ne5 24.axb6 axb6 25.dxe4 fxe4 26.Qxe4 Nxc4 27.Rad1 Rc5 28.Nd4 Re5 29.Qc6 Rc5  1/2-1/2

[Event "Women-Veterans"]
[Site "Aruba"]
[Date "1992.??.??"]
[Round "8"]
[White "Polugaevsky, Lev"]
[Black "Chiburdanidze, Maia"]
[Result "1/2-1/2"]
[WhiteElo "2640"]
[BlackElo "2505"]

1.Nf3 Nf6 2.c4 g6 3.Nc3 Bg7 4.e4 O-O 5.d4 c6 6.e5 Ne8 7.Bf4 d6 8.h3 Nd7 9.exd6 Nxd6
10.Be2 c5 11.dxc5 Nxc5 12.O-O Bxc3 13.bxc3 Be6 14.Bh6 Re8 15.Qd4 Nf5 16.Qxc5 Nxh6
17.Nd4 Qc8 18.Nxe6 Qxe6 19.Bf3 Qc8 20.Qb5 Rb8 21.c5 Qc7 22.Rfd1 Rbc8 23.Rab1 Qxc5
24.Qxc5 Rxc5 25.Rxb7 a5 26.Rd5 Rxd5 27.Bxd5 e6 28.Be4 Rc8 29.Rb3 f5 30.Bd3 Nf7  1/2-1/2

[Event "Women-Veterans"]
[Site "Aruba"]
[Date "1992.??.??"]
[Round "9"]
[White "Chiburdanidze, Maia"]
[Black "Uhlmann, Wolfgang"]
[Result "0-1"]
[WhiteElo "2505"]
[BlackElo "2480"]

1.c4 Nf6 2.g3 g6 3.Bg2 Bg7 4.Nc3 e5 5.d3 O-O 6.Nf3 Re8 7.O-O c6 8.Nd2 Na6
9.Rb1 d5 10.b4 dxc4 11.Nxc4 Nd5 12.Nxd5 cxd5 13.Ne3 Be6 14.Qa4 Nc7 15.b5 Qd7
16.Qb3 d4 17.Nc4 Nd5 18.Bd2 Nb6 19.a4 Nxc4 20.dxc4 Rac8 21.Rfc1 Bf8 22.a5 Bf5
23.Rb2 e4 24.b6 axb6 25.axb6 Bc5 26.Bf4 Rc6 27.Bc7 Ree6 28.Qa4 Kg7 29.Qa5 Qe7
30.Qb5 h5 31.Ra1 h4 32.gxh4 Bg4 33.Rd2 d3 34.Bf1 Bxf2+ 35.Kh1 Qf6  0-1

[Event "Women-Veterans"]
[Site "Aruba"]
[Date "1992.??.??"]
[Round "11"]
[White "Chiburdanidze, Maia"]
[Black "Ivkov, Borislav"]
[Result "1/2-1/2"]
[WhiteElo "2505"]
[BlackElo "2495"]

1.e4 e6 2.d4 d5 3.Nd2 c5 4.Ngf3 Nf6 5.e5 Nfd7 6.c3 Nc6 7.Bd3 Qb6 8.O-O cxd4
9.cxd4 Nxd4 10.Nxd4 Qxd4 11.Nf3 Qb6 12.Qa4 Qb4 13.Qc2 Qc5 14.Qe2 Be7 15.Be3 Qa5
16.a3 O-O 17.Qc2 h6 18.Bd4 Qd8 19.Rfc1 Nb8 20.b4 Nc6 21.Bb2 a6 22.Re1 Bd7
23.Qd2 Rc8 24.Rad1 f5 25.exf6 Bxf6 26.Bb1 Bxb2  1/2-1/2

[Event "Belgrade"]
[Site "Belgrade"]
[Date "1992.??.??"]
[Round "1"]
[White "Bojkovic, Natasa"]
[Black "Chiburdanidze, Maia"]
[Result "1/2-1/2"]
[WhiteElo "2330"]
[BlackElo "2485"]

1.e4 g6 2.d4 Bg7 3.Nc3 d6 4.Be3 a6 5.a4 b6 6.Nf3 Bb7 7.Bc4 e6 8.Bg5 Ne7 9.Qd2 h6
10.Be3 Nd7 11.Bd3 Nf6 12.Qe2 O-O 13.O-O d5 14.exd5 exd5 15.Bf4 Re8 16.Qd1 c5
17.Re1 Nc6 18.dxc5 bxc5 19.Qd2 Rxe1+ 20.Rxe1 g5 21.Bg3 Nb4 22.Be5 Nxd3 23.cxd3 d4
24.Bxf6 Qxf6 25.Ne4 Bxe4 26.Rxe4 Rb8 27.Ne5 Rb4 28.Qc2 Qb6 29.Nc4 Qc6 30.b3 Qb7  1/2-1/2

[Event "Belgrade"]
[Site "Belgrade"]
[Date "1992.??.??"]
[Round "2"]
[White "Chiburdanidze, Maia"]
[Black "Vuksanovic, Sanja"]
[Result "1-0"]
[WhiteElo "2485"]
[BlackElo "2270"]

1.Nf3 e6 2.g3 Nf6 3.Bg2 d5 4.b3 Be7 5.Bb2 c5 6.c4 O-O 7.O-O Nc6 8.e3 b6 9.Qe2 Ba6
10.Nc3 Rc8 11.Nb5 Qd7 12.Rfd1 Rfd8 13.d4 cxd4 14.exd4 Qe8 15.Rac1 Bb7 16.Ne5 a6
17.Nxc6 Rxc6 18.Nc3 Qd7 19.cxd5 exd5 20.Na4 Rdc8 21.Qf1 Qd8 22.Rxc6 Rxc6
23.Rc1 Qc7 24.Rxc6 Qxc6 25.Qc1 Qxc1+ 26.Bxc1 b5 27.Nc5 Bc8 28.Bf4 Bxc5 29.dxc5 Ne4
30.Be3 f6 31.Kf1 Kf7 32.Bd4 g6 33.Ke2 Be6 34.Ke3 h5 35.Bf1 g5 36.h4 f5 37.hxg5 Nxg5
38.Kf4 Ne4 39.Be2 Kg6 40.Ke5  1-0

[Event "Belgrade"]
[Site "Belgrade"]
[Date "1992.??.??"]
[Round "3"]
[White "Arakhamia, Ketevan"]
[Black "Chiburdanidze, Maia"]
[Result "1/2-1/2"]
[WhiteElo "2445"]
[BlackElo "2485"]

1.e4 c5 2.Nf3 d6 3.d4 cxd4 4.Nxd4 Nf6 5.Nc3 g6 6.Be3 Bg7 7.f3 Nbd7 8.Qd2 a6
9.g4 Nb6 10.O-O-O Nfd7 11.Bh6 Bxh6 12.Qxh6 e5 13.Nb3 Nf6 14.Qd2 Ke7 15.Be2 Qc7
16.f4 exf4 17.g5 Ne8 18.Qd4  1/2-1/2

[Event "Belgrade"]
[Site "Belgrade"]
[Date "1992.??.??"]
[Round "4"]
[White "Chiburdanidze, Maia"]
[Black "Maksimovic, Suzana"]
[Result "1-0"]
[WhiteElo "2485"]
[BlackElo "2285"]

1.Nf3 Nf6 2.b3 d6 3.Bb2 e5 4.d3 g6 5.g3 Bg7 6.Bg2 O-O 7.O-O Nc6 8.c4 Bd7
9.Nc3 Qc8 10.Re1 Bh3 11.Bh1 h6 12.a3 Ng4 13.Nd5 Qd7 14.e3 Rae8 15.d4 e4 16.Nd2 g5
17.Bxe4 f5 18.Bg2 Bxg2 19.Kxg2 f4 20.exf4 Rxe1 21.Qxe1 gxf4 22.Nxf4 Nxd4
23.Qe4 c5 24.Bxd4 Bxd4 25.Rf1 Qc6 26.Nd5 Qd7 27.Qg6+ Kh8 28.h3 Nxf2 29.Qxh6+ Kg8
30.Ne4 Qf5 31.Nef6+  1-0

[Event "Belgrade"]
[Site "Belgrade"]
[Date "1992.??.??"]
[Round "5"]
[White "Matveeva, Svetlana"]
[Black "Chiburdanidze, Maia"]
[Result "1/2-1/2"]
[WhiteElo "2425"]
[BlackElo "2485"]

1.d4 g6 2.c4 Bg7 3.Nc3 d6 4.e4 Nd7 5.Nf3 e5 6.Be2 Ngf6 7.O-O O-O 8.d5 h6
9.Ne1 Nc5 10.f3 Nh5 11.b4 Na6 12.a3 Nf4 13.Be3 c6 14.Qd2 cxd5 15.Nxd5 Nxe2+
16.Qxe2 Nc7 17.Nd3 Nxd5 18.cxd5 Bd7 19.a4 a6 20.Nb2 b5 21.a5 Rc8 22.Rac1 Qe7
23.Qd2 Kh7 24.Rxc8 Rxc8 25.Rc1 Rxc1+ 26.Qxc1 Qd8 27.Bb6 Qc8 28.Qxc8 Bxc8
29.Bd8 Bf8 30.Bf6 g5 31.g4 Kg6 32.Bd8 f6 33.Nd1 Kf7 34.Ne3 Be7 35.Bc7 Bd7
36.Kg2 Kg6 37.Kg3 Kg7 38.h4 Kf7 39.Nf5 Bxf5 40.gxf5 h5 41.Bb6  1/2-1/2

[Event "Belgrade"]
[Site "Belgrade"]
[Date "1992.??.??"]
[Round "6"]
[White "Maric, Mirjana"]
[Black "Chiburdanidze, Maia"]
[Result "0-1"]
[WhiteElo "2265"]
[BlackElo "2485"]

1.e4 b6 2.d4 Bb7 3.Nc3 g6 4.Be3 Bg7 5.Qd2 d6 6.h3 Nf6 7.Bd3 O-O 8.f3 Nbd7
9.Nce2 c5 10.c3 Rc8 11.b3 cxd4 12.cxd4 e5 13.d5 Nxd5 14.exd5 e4 15.Rd1 exd3
16.Qxd3 Re8 17.Kf2 Nf6 18.Bg5 h6 19.Bxf6 Qxf6 20.Ng3 Qh4 21.Ne2 Rxe2+ 22.Qxe2 Be5
23.Kg1 Qxg3 24.h4 Qf4 25.Rh3 Rc1 26.Kh1 Bxd5 27.Qe1 Rxd1 28.Qxd1 Be6 29.g3 Qe3
30.Rh2 Bxg3 31.Rc2 Bxh4  0-1

[Event "Belgrade"]
[Site "Belgrade"]
[Date "1992.??.??"]
[Round "7"]
[White "Chiburdanidze, Maia"]
[Black "Ioseliani, Nana"]
[Result "1-0"]
[WhiteElo "2485"]
[BlackElo "2445"]

1.e4 c5 2.Nf3 e6 3.d4 cxd4 4.Nxd4 a6 5.Bd3 Bc5 6.Nb3 Ba7 7.Qe2 Nc6 8.Be3 Nf6
9.Nc3 d6 10.O-O-O b5 11.Bg5 Qb6 12.Rd2 Nd7 13.f4 O-O 14.Qh5 Nb4 15.e5 Nxd3+
16.Rxd3 f6 17.exf6 Nxf6 18.Bxf6 Rxf6 19.Nd5 Qd8 20.Nxf6+ Qxf6 21.Qe8+ Qf8
22.Qc6 Rb8 23.Qxd6 Qxd6 24.Rxd6 Be3+ 25.Kb1 Bb7 26.Rxe6 Bxg2 27.Re1 Bxf4
28.Re8+ Rxe8 29.Rxe8+ Kf7 30.Re2 Bd5 31.Nc5 g5 32.Rf2 Kg6 33.Nxa6 h5 34.Nb4 Be4
35.Nd3 Bd6 36.Kc1 g4 37.Kd2 Kg5 38.Ke3 Bd5 39.Ke2 h4 40.Kf1 Bc7 41.Rd2 Bf3
42.Nc5 Kf5 43.Nb3 Kg5 44.Nd4 Bd5 45.Nxb5 Bc4+ 46.Kg2 Bf4 47.Rd4 Be2 48.Rxf4 Kxf4
49.Nd4 Bc4 50.a4 Ke3 51.Nf5+ Kd2 52.a5 Be6 53.Nd4 Bd5+ 54.Kf2 Bb7 55.Kg1 Ba6
56.b4 Kc3 57.b5 Bc8 58.Nc6 Kc4 59.Ne7 Bb7 60.a6  1-0

[Event "Belgrade"]
[Site "Belgrade"]
[Date "1992.??.??"]
[Round "9"]
[White "Chiburdanidze, Maia"]
[Black "Levitina, Irina S"]
[Result "1-0"]
[WhiteElo "2485"]
[BlackElo "2400"]

1.e4 c5 2.Nf3 d6 3.d4 cxd4 4.Nxd4 Nf6 5.Nc3 Nc6 6.Bg5 e6 7.Qd2 a6 8.O-O-O h6
9.Bf4 Bd7 10.Nxc6 Bxc6 11.Qe3 Qc7 12.Be2 Be7 13.e5 dxe5 14.Bxe5 Qa5 15.f4 Rd8
16.Rxd8+ Bxd8 17.Bf3 O-O 18.Bxc6 Ng4 19.Qe2 Nxe5 20.Bxb7 Nd7 21.Qxa6 Qc7
22.Qc6 Qxf4+ 23.Kb1 Nf6 24.Qf3 Qc4 25.Ne4 Be7 26.Nd2 Qb4 27.c3 Qb6 28.Nb3 Rb8
29.Be4 Nxe4 30.Qxe4 Qa7 31.Rd1 Bf6 32.h3 Ra8 33.Nc1 Rb8 34.Ne2 Qf2 35.Kc2 Qa7
36.a4 Rc8 37.Rd6 Be7 38.Rxe6 fxe6 39.Qxe6+ Kh7 40.Qf5+ g6 41.Qxc8 Qxa4+ 42.Kd3 Qd1+
43.Ke3 Bg5+ 44.Kf2 Qd5 45.Qg4 h5 46.Qf3 Qb3 47.Qg3 Bd8 48.Qd6 Bb6+ 49.Kf3 Qxb2
50.Qb4 Qxb4 51.cxb4 Kg7 52.Nc3 Kf7 53.Nd5 Bg1 54.Ke4 Ke6 55.Nf4+ Kf6 56.b5 Kg5
57.Nd5 Kh4 58.Kf3  1-0

[Event "Belgrade"]
[Site "Belgrade"]
[Date "1992.??.??"]
[Round "10"]
[White "Cramling, Pia"]
[Black "Chiburdanidze, Maia"]
[Result "0-1"]
[WhiteElo "2530"]
[BlackElo "2485"]

1.d4 c5 2.d5 g6 3.e4 d6 4.Nc3 Bg7 5.Nf3 Nf6 6.Bb5+ Bd7 7.a4 O-O 8.h3 e6 9.O-O exd5
10.exd5 Bxb5 11.axb5 Nbd7 12.Qd3 Nb6 13.Bf4 Qd7 14.Ra5 Ne8 15.Nd2 Nc7 16.Nde4 Nc8
17.b6 Nxb6 18.Bxd6 f5 19.Bxc7 fxe4 20.Qg3 Nxd5 21.Be5 Nxc3 22.Qxc3 Bxe5 23.Qxe5 b6
24.Ra6 Rae8 25.Qc3 Rf7 26.Rfa1 Qf5 27.Qg3 e3 28.fxe3 Qxc2 29.Rxa7 Qxb2 30.Ra8 Kg7
31.Rxe8 Qxa1+ 32.Kh2 Qf6 33.Qb8 Rd7 34.Rg8+ Kh6 35.Re8 Re7 36.Rd8 Qe5+ 37.Kh1 Qxe3
38.Rf8 Qe1+ 39.Kh2 Qe5+ 40.Kh1 Qa1+ 41.Kh2 Qd4 42.Re8 Rxe8 43.Qxe8 Qf6 44.Qe3+ g5
45.g3 Kg7 46.Qe2 h6 47.Kg2 Kf7 48.Qa2+ Qe6 49.Qa7+ Kf6 50.Qa1+ Qe5 51.Qa6 Qd6
52.Qc8 Ke5 53.Qh8+ Kd5 54.h4 gxh4 55.gxh4 c4 56.Qa8+ Qc6 57.Qg8+ Kd4+ 58.Kg3 c3
59.Qg7+ Kc4 60.Qf7+ Kb4  0-1

[Event "Manila ol (Women)"]
[Site "Manila"]
[Date "1992.??.??"]
[Round "?"]
[White "Chiburdanidze, Maia"]
[Black "Fischdick, Gisela"]
[Result "1/2-1/2"]
[WhiteElo "2485"]
[BlackElo "2270"]

1.e4 g6 2.d4 c6 3.Nc3 d5 4.h3 Bg7 5.Be3 dxe4 6.Nxe4 Nd7 7.Qd2 Ngf6 8.Nxf6+ Nxf6
9.O-O-O Be6 10.Kb1 O-O 11.Nf3 Ne4 12.Qe1 Nd6 13.h4 Bg4 14.Be2 Nf5 15.Ng5 Nxe3
16.fxe3 Bxe2 17.Qxe2 h6 18.Ne4 Qd5 19.Ng3 h5 20.Nf1 Rad8 21.Nh2 Qe4 22.Nf3 e5
23.Qf2 Qf5 24.Rhf1 exd4 25.exd4 Rfe8  1/2-1/2

[Event "Manila ol (Women)"]
[Site "Manila"]
[Date "1992.??.??"]
[Round "?"]
[White "Sakhatova, Elvira"]
[Black "Chiburdanidze, Maia"]
[Result "0-1"]
[WhiteElo "2365"]
[BlackElo "2485"]

1.d4 d6 2.c4 e5 3.dxe5 dxe5 4.Qxd8+ Kxd8 5.Nc3 Be6 6.e3 c6 7.f4 Nd7 8.Nf3 exf4
9.exf4 Kc7 10.Bd2 Bg4 11.Be2 Re8 12.O-O-O Nc5 13.Rhf1 Bd6 14.h3 Bc8 15.Ng5 Nh6
16.b4 Ne6 17.c5 Be7 18.g4 f5 19.Be3 Bf6 20.Rd3 Nf8 21.Rg1 Ng6 22.Kd2 Rd8
23.Nd1 Rxd3+ 24.Kxd3 Rd8+ 25.Kc2 Bd4 26.Rf1 Bxe3 27.Nxe3 Rd4 28.Kc3 Rxf4
29.Rg1 Rf2 30.Bd3 fxg4 31.hxg4 Ne5 32.Bxh7 Nhxg4 33.Nxg4 Nxg4 34.Re1 Nf6
35.Re7+ Kb8 36.Rxg7 Rxa2 37.Bc2 Nd5+ 38.Kb3 Nxb4 39.Bb1 Ra1 40.Kb2 Ra5 41.Ne4 Nd5
42.Bd3 Ra4 43.Nd6 Rg4 44.Rf7 Rf4 45.Rg7 Rf8 46.Bc4 Nc7 47.Re7 b6 48.Rh7 Bg4
49.Nf7 Bf5 50.Rg7 b5 51.Bb3 a5 52.Ne5 Kb7 53.Bd1 Be4 54.Bb3 Rf2+ 55.Kc3 a4
56.Bxa4 bxa4 57.Nc4 Bd5 58.Nd6+ Kb8  0-1

[Event "Manila ol (Women)"]
[Site "Manila"]
[Date "1992.??.??"]
[Round "?"]
[White "Matveeva, Svetlana"]
[Black "Chiburdanidze, Maia"]
[Result "1/2-1/2"]
[WhiteElo "2425"]
[BlackElo "2485"]

1.d4 g6 2.c4 Bg7 3.Nc3 Nf6 4.e4 O-O 5.Nf3 d6 6.Be2 e5 7.Be3 c6 8.O-O exd4
9.Bxd4 Re8 10.Qc2 Na6 11.Rad1 Qe7 12.Rfe1 Nc5 13.h3 Ne6 14.Be3 Nd7 15.Nd4 Ndc5
16.Bf1 Nxd4 17.Bxd4 Be5 18.b4 Ne6 19.Be3 a5 20.a3 axb4 21.axb4 Nf4 22.Na4 Qf6
23.c5 dxc5 24.Nb6 Ra3 25.Nxc8 Rxc8 26.bxc5 Ne6 27.Qb1 Qe7 28.Bc4 Bc3 29.Bxe6 Qxe6
30.Rf1 Rb3 31.Qc2 Be5 32.Rb1 Rxb1 33.Rxb1 Rc7 34.Rb3 Rd7 35.Rd3 Rxd3  1/2-1/2

[Event "Manila ol (Women)"]
[Site "Manila"]
[Date "1992.??.??"]
[Round "?"]
[White "Madl, Ildiko"]
[Black "Chiburdanidze, Maia"]
[Result "0-1"]
[WhiteElo "2375"]
[BlackElo "2485"]

1.e4 b6 2.d4 Bb7 3.Nc3 e6 4.Bd3 Nf6 5.Nf3 d6 6.Qe2 Be7 7.e5 Nfd7 8.exd6 cxd6
9.Ne4 Nf6 10.O-O O-O 11.c3 Nbd7 12.Bf4 Nxe4 13.Bxe4 Bxe4 14.Qxe4 Nf6 15.Qd3 Qd7
16.Bd2 Qc6 17.Rfe1 b5 18.Ng5 Rfc8 19.b3 a5 20.Rac1 d5 21.Re3 h6 22.Nf3 Qa6
23.Ne5 b4 24.c4 dxc4 25.bxc4 Bd6 26.f4 Rd8 27.Rg3 Qb7 28.Re1 Qc7 29.Qe2 Bf8
30.Be3 Ne4 31.Rh3 f6 32.Ng4 f5 33.Ne5 Bd6 34.Qh5 Bxe5 35.fxe5 Qf7 36.Qe2 Rac8
37.c5 Nc3 38.Qc4 Qd7 39.a3 Qd5 40.Qxd5 Rxd5 41.axb4 axb4 42.Bd2 Nb5 43.Bxb4 Nxd4
44.Ba3 Nc2 45.Re2 Nxa3 46.Rxa3 Rdxc5 47.Kf2 Kf7 48.h4 h5 49.g3 R8c7 50.Kf3 Rc3+
51.Re3 Rxe3+ 52.Kxe3 Rc4 53.Kf3 Re4 54.Ra5 g5 55.hxg5 Kg6 56.Rb5 Kxg5 57.Ra5 h4
58.gxh4+ Kxh4 59.Rb5 Kg5 60.Ra5 Rf4+ 61.Kg2 Rg4+ 62.Kf3 f4 63.Ra8 Rg3+ 64.Ke4 Re3+
65.Kd4 Re1 66.Rf8 Kg4 67.Rf6 Kf3 68.Rxe6 Rd1+ 69.Kc3 Rd5 70.Re8 Ke3 71.Kc4 Ke4
72.e6 Re5 73.Kc3 Ke3 74.Kc2 f3 75.Rd8 f2 76.Rf8 Rxe6  0-1